000 00606nam a2200193Ia 4500
003 GCL
008 140319s9999 xx 000 0 ara d
040 _aGCL /
_cGCL
082 0 4 _aم
_b620.004
_bك ت
100 1 _aكارفيل، ج
245 1 0 _aتبسيط المفاهيم الهندسية /
_cكارفيل، ج
700 1 _aمحمد سعيد غانم (ترجمة)
300 _a376 ص
490 _aاساسيات الفيزياء
_v0
650 0 4 _aالهندسة - علم
650 0 4 _aالهندسة - معاجم
650 0 4 _aالمواد الهندسية - مصطلحات
942 _2ddc
_cREF
999 _c59637
_d59637